书目信息 |
| 题名: |
当代中国的四川
|
|
| 作者: | 邓立群 主编 | |
| 分册: | 下册 | |
| 出版信息: | 北京 中国社会科学出版社 1990 |
|
| 页数: | 824页 | |
| 开本: | 20cm | |
| 丛书名: | ||
| 单 册: | ||
| 中图分类: | Z121.7 | |
| 科图分类: | ||
| 主题词: | 丛书--中国 | |
| 电子资源: | ||
| ISBN: | 7-5004-0608-8 | |
| 000 | 00593nam0 2200193 450 | |
| 001 | 0656218218 | |
| 005 | 20061127154011.42 | |
| 010 | @a7-5004-0608-8@b精装@dCNY36.65(上下册) | |
| 100 | @a20061127d1990 km y0chiy0120 ea | |
| 101 | 0 | @achi |
| 102 | @aCN@b110000 | |
| 200 | 1 | @a当代中国的四川@Adang dai zhong guo de si chuan@f邓立群等主编@Fdeng li qun deng zhu bian@h下册 |
| 210 | @a北京@c中国社会科学出版社@d1990 | |
| 215 | @a824页@c插图@d20cm | |
| 606 | 0 | @a丛书@x中国 |
| 690 | @aZ121.7@v3 | |
| 701 | 0 | @a邓立群@Adeng li qun@4主编 |
| 801 | 0 | @aCN@bPFT@c20061127 |
| 905 | @a10447@dZ121.7@e34:10(2) | |
| 当代中国的四川/邓立群等主编.下册.-北京:中国社会科学出版社,1990 |
| 824页:插图;20cm |
| ISBN 7-5004-0608-8(精装):CNY36.65(上下册) |
| ● |
| 相关链接 |
|
|
|
|
正题名:当代中国的四川
索取号:Z121.7/34:10(2)
 
预约/预借
| 序号 | 登录号 | 条形码 | 馆藏地/架位号 | 状态 | 备注 |
| 1 | 0253653 | 001562892 | 第二样本阅览室/ [索取号:Z121.7/34:10(2)] | 在馆 |